| 000 | 00639nam a2200181 a 4500 | ||
|---|---|---|---|
| 001 | 000042263 | ||
| 005 | 20201002040035.0 | ||
| 008 | 131121s1971 sp 000 p spa d | ||
| 040 |
_aDO-SdBNP _bspa _cBNPHU |
||
| 082 |
_axxx _bxxx |
||
| 245 | 0 | 0 |
_aAntología de la poesía surrealista / _cPrólogo, selección y traducción de Mauro Armiño ; editor Alberto Corazón. |
| 260 |
_aMadrid : _bVisor, _c1971. |
||
| 300 |
_a181 p. ; _c20 cm. |
||
| 490 | 1 |
_aVisor de poesía _v15 |
|
| 500 | _aIncluye referencias bibliográficas y notas al pie de las páginas | ||
| 700 | 1 | 2 |
_aArmiño, Mauro _epról. _913314 |
| 830 | 0 |
_aVisor de poesía _n15 _969295 |
|
| 999 |
_c41752 _d41752 |
||